| 000 | 03006nam a2200241 a 4500 | ||
|---|---|---|---|
| 003 | MX-MxUPN | ||
| 005 | 20240111063538.0 | ||
| 007 | cr | ||
| 008 | 240110t2018 mx o||||o|||| 000 0 mul d | ||
| 040 |
_aMX-MxUPN _bspa _cMX-MxUPN _eaacr2 |
||
| 041 | 0 |
_aeng _aspa |
|
| 050 | 1 | 4 | _aAM7 |
| 245 | 0 | 0 |
_aMuseums & dialogue between cultures = _bMuseos & diálogo entre culturas _h[recurso electrónico en línea] |
| 260 |
_aCiudad de México : _bOficina de la Unesco en México, _c©2018. |
||
| 300 |
_a1 recurso en línea (283 páginas ): _bPDF, fotografías |
||
| 505 | 0 | 0 |
_tQuestion the gaze. Museums and anthropology in the XXI Century /Interrogar la mirada. El museo y la disciplina antropológica en el siglo XXI / _rNuria Sanz -- _tCultural diversity and museums as a paradigm of international law. Conceptual bases of the discussion / Diversidad cultural y museos como paradigma de derecho internacional. Bases conceptuales de la discusión / _rNuria Sanz & Gustavo Lins Ribeiro -- _tUNESCO Recommendation Concerning the Protection and Promotion of Museums and Collections, their Diversity and their Role in Society / Recomendación de la UNESCO Relativa a la Protección y Promoción de los Museos y Colecciones, su Diversidad y su Función en la Sociedad -- _tThe Humboldt Forum: an introduction / _rTarek Ibrahim -- _tNew neighbors. The national museums of Berlin on their way to the Humboldt Forum / _rDorothee Wagner -- _tIvory - the DNA of the art world a project of the Museum of Asian Art in the Humboldt Forum / _rRaffael Dedo Gadebusch -- _tMuseums, anthropology and dialogue between cultures: reflections of an observer / _rRobin Dennell -- _tDisplaced objects. On exhibiting ethnographic artefacts / _rKarl-Heinz Kohl -- _tEthnographic absences and emergences: towards a museology for social justice / _rNuno Porto -- _tLe cinema dans les musees / _rJean-Pierre Bekolo -- _tWorld anthropologies and museums. Re-presentations, conversations and diversity / _rGustavo Lins Ribeiro -- _tMuseos y la política del reconocimiento / _rAntonio Motta -- _tAnthropology, museums, diversity, and dialogue / _rChristian Feest -- _tThe Humboldt Forum. New anthropologies for old collections / _rAnthony Alan Shelton -- _tCredibility and cultural appropriation. New anthropologies for old collections museums and cultural appropriation / _rAlexis Celeste Bunten -- _tMuseo Estatal de Arte Popular “Oaxaca” / _rCarlomagno Pedro Martínez -- _tLa importancia e influencia de la biodiversidad en la creación popular y académica / _rWalther Boelsterly -- _tSummary Report of the International Meeting on Museums, Anthropology and Dialogue Between Cultures, in the Essence of the Humboldt Forum / _rNuria Sanz, Gustavo Lins Ribeiro & Robin Dennell. |
| 506 | 0 | _aAcceso abierto. | |
| 650 | 4 |
_aMuseos _916202 |
|
| 700 | 1 |
_aSanz, Nuria _946921 _eedición |
|
| 856 | 4 | 0 | _uhttps://unesdoc.unesco.org/ark:/48223/pf0000265880?posInSet=17&queryId=N-3bb688e9-ce59-4c49-b223-7131795aee05 |
| 902 | _aVíctor Ruiz/100124 | ||
| 942 |
_2lcc _cLIBRO-E |
||
| 999 |
_c210734 _d210734 |
||